10 Football Derbies #1 - Statistics

General Stats
  • This quiz has been taken 63 times
  • The average score is 15 of 20
Answer Stats
Derby Country Team % Correct
El Clasico Spain Real Madrid
100%
El Clasico Spain FC Barcelona
98%
Le Classique France Paris Saint-Germain
98%
North London Derby United Kingdom (England) Arsenal
97%
North London Derby United Kingdom (England) Tottenham Hotspur
97%
De Klassieker Netherlands AFC Ajax
95%
Derby de Lisboa Portugal S.L. Benfica
95%
Derby de Lisboa Portugal Sporting CP
93%
Le Classique France Olympique de Marseille
90%
Superclasico Argentina Boca Juniors
81%
De Klassieker Netherlands Feyenoord
78%
Superclasico Argentina River Plate
76%
Prague Derby Czechia Slavia Prague
71%
Prague Derby Czechia Sparta Prague
69%
El Trafico United States LA Galaxy
51%
Sydney Derby Australia Sydney FC
44%
Soweto Derby South Africa Orlando Pirates
42%
Soweto Derby South Africa Kaizer Chiefs
41%
El Trafico United States Los Angeles FC
39%
Sydney Derby Australia Western Sydney Wanderers
10%
No matching quizzes found
Score Distribution
Percent of People with Each Score
Percentile by Number Answered
Your Score History
You have not taken this quiz